| 000 | 00695nam a2200205 i 4500 | ||
|---|---|---|---|
| 001 | 83554 | ||
| 003 | ES-MaACL | ||
| 005 | 20230906174842.0 | ||
| 007 | t| | ||
| 008 | 041117s1924 sp ||||1| spa d | ||
| 100 | 1 |
_aJacob, Max. _965831 |
|
| 245 | 1 | 3 |
_aEl cubilete de dados _b: (obra inédita en castellano) / _cMax Jacob ; versión castellana y prólogo por Guillermo de Torre. |
| 260 |
_aMadrid : _b[s.n., _c1924] ( _fVelasco Hnos.) |
||
| 300 |
_a213 p. ; _c17 cm. |
||
| 490 | 1 | _aBiblioteca de autores célebres | |
| 700 | 1 |
_aTorre, Guillermo de ( _d1900-1971) _9110740 |
|
| 830 | 0 |
_aBiblioteca de autores célebres _9184044 |
|
| 852 |
_aES-MaACL _jG-3564 _bR.4675 |
||
| 999 |
_c83554 _d83554 |
||